Siyasetname / (Record no. 12761)

MARC details
000 -BAŞLIK
Sabit Uzunlukta Kontrol Alanı 00766nam a22002417a 4500
999 ## - SİSTEM KONTROL NUMARALARI (KOHA)
Koha Biblionumber 12761
Koha Biblioitemnumber 12761
003 - KONTROL NUMARASI IDENTIFIER
Denetim Alanı MIRAKIL
005 - SON İŞLEM TARİHİ VE ZAMANI
Denetim Alanı 20190219161610.0
008 - SABİT-BOY VERİ ELEMANLARI - GENEL BİLGİLER
Sabit Uzunlukta Kontrol Alanı 190219b tu ||||| |||| 00| 0 tur d
020 ## - ULUSLARARASI STANDART KİTAP NUMARASI
Uluslararası Standart Kitap Numarası 9789944887427
040 ## - KATALOGLAMA KAYNAK
Orijinal Kataloglama Ajansı TR-AnCHP
Metne Dönüştürmek Ajansı TR-AnCHP
041 ## - DİL KODU
Metin / Ses Parça Veya Ayrı Başlığın Dil Kodu tur
082 ## - DEWEY ONLU SINIFLANDIRMA NUMARASI
Sınıflandırma Numarası 320.1
Ürün Numarası N59s 2017
100 ## - ANA GİRİŞ - KİŞİSEL İSİM
Kişisel Ad Nizamü'l-Mülk
Bir Adıyla İlişkilendirilen Tarihler 1018-1092
245 10 - BAŞLIK TABLOSU
Başlık Siyasetname /
Sorumluluk Tablosu, Vb Nizamü'l-Mülk; çeviren Mehmet Taha Ayar
250 ## - EDITION TABLOSU
Baskı Beyanı 11. bs.
260 ## - YAYIN, DAĞITIM, VB
Yayın, Dağıtım, Vb Yeri İstanbul:
Yayıncı, Dağıtıcı, Vs Adı Türkiye İş Bankası Kültür Yayınları,
Yayın, Dağıtım, Vb Tarihi 2017.
300 ## - FİZİKSEL TANIM
Kapsam 365 s.:
Boyutlar 21 sm.
490 0# - SERİSİ TABLOSU
Seri Beyanı Türkiye İş Bankası Kültür Yayınları;
Hacim / Ardışık Tanımı Genel yayın:1799
650 #0 - KONU KATMA GİRİŞ - TOPİKAL DÖNEM
9 (RLIN) 801
Topikal Süreli Veya Coğrafi Ad Giriş Elemanı Siyaset felsefesi
650 #0 - KONU KATMA GİRİŞ - TOPİKAL DÖNEM
9 (RLIN) 5211
Topikal Süreli Veya Coğrafi Ad Giriş Elemanı Selçuklu devleti
Genel Alt Bölümü Tarih
700 ## - KATMA GİRİŞ - KİŞİSEL İSİM
9 (RLIN) 5212
Kişisel Ad Ayar, Mehmet Taha
Relator Terim çev.
942 ## - EKLENDİ GİRİŞ ELEMANLARI (KOHA)
Sınıflandırma Veya Raf Düzeni Kaynak Dewey Decimal Classification
Koha Öğesi Türü Books
Holdings
Kalıcı Konum Mevcut Konum Edinme Tarihi Edinim Kaynak Toplam Check-Out'Lar Tam Çağrı Numarası Barkod Tarih Son Görülme İtibaren Geçerli Fiyatlar Sigara Kamu Notu Koha Öğesi Türü
CHP Kütüphanesi CHP Kütüphanesi 02/19/2019 Bağış   320.1 N59s 2017 018875 02/19/2019 02/19/2019 Kemal Kılıçdaroğlu bağışıdır. Books